| 000 | 00000nam##2200000za#4500 |
| 001 | 9.688585 |
| 003 | CaOODSP |
| 005 | 20210624231509 |
| 007 | cr ||||||||||| |
| 008 | 150407|2001||||xxc|||||o f|0| 0 eng|d |
| 040 | |aCaOODSP|beng |
| 043 | |an-cn--- |
| 086 | 1 |aSW21-142/2001E-PDF |
| 110 | 1 |aCanada. |bStatus of Women Canada. |
| 245 | 10|aRevisiting feminist research methodologies : |h[electronic resource]|ba working paper / |c[by] Damaris Rose. |
| 260 | |aOttawa - Ontario : |bStatus of Women Canada |c2001. |
| 300 | |a50p.|breferences |
| 500 | |aIncludes a selective thematic bibliography. |
| 504 | |aBibliography. |
| 590 | |a06-10-Supp|b2006-12-15 |
| 690 | 07|aAnalysis|2gcpds |
| 690 | 07|aMethodology|2gcpds |
| 690 | 07|aResearch|2gcpds |
| 690 | 07|aWomen|2gcpds |
| 720 | 1 |aRose, Damaris |
| 775 | 08|tRetour sur les méthodologies de recherche féministes : |w(CaOODSP)9.633008 |
| 856 | 40|ahttp://publications.gc.ca|qPDF|s211 KB|uhttps://publications.gc.ca/collections/Collection/SW21-142-2001E.pdf |